Culture Générale - Série 797 - Statistiques

Statistiques générales
  • Ce quiz a été pris 147 fois
  • Le résultat moyen est 7 sur 10
Statistiques - réponses
Question Réponse % Correct
A quel personnage de la mythologie grecque l'adjectif "narcissique" fait-il référence ? Narcisse
94%
Dans la série "Ma sorcière bien aimée", quel organe olfactif Samantha remue-t-elle pour jeter un sort ? nez
93%
Traditionnellement, quel légume est l'ingrédient principal de la moussaka ? aubergine
91%
De quel groupe de rock français Nicola Sirkis est-il le chanteur ? Indochine
90%
Quel département français a pour chef-lieu Toulon ? Var
83%
Quelle plante à bulbe entre traditionnellement dans la composition de la persillade ? ail
80%
En 1956, qui jouait et chantait "Love Me Tender", dans le film "Le Cavalier du crépuscule" ? Elvis Presley
62%
En 1970, Alain Jérôme présente le premier magazine télévisé quotidien destiné aux femmes au foyer, intitulé : "Aujourd'hui... Madame
44%
Quel nom, synonyme de "caïeu", donne-t-on communément aux parties qui forment le bulbe de l'ail ? gousses
33%
Le physalis est une plante vivace, aussi appelée "amour en... cage
28%
Aucun quiz correspondant
Distribution des résultats
% des personnes avec chaque résultat
Percentile par nombre de réponses
Votre historique - résultats
Vous n’avez pas pris ce quiz